[Event "Madrid San Viator op-A 29th"]
[Site "Madrid"]
[Date "2017.10.01"]
[Round "3"]
[White "Calvo de Castro, Miguel"]
[Black "Monreal Bejarano, Luis Miguel"]
[Result "0-1"]
[WhiteElo "1836"]
[BlackElo "1883"]
[PlyCount "116"]
[EventDate "2017.09.17"]
[EventType "swiss"]
[EventRounds "9"]
[EventCountry "ESP"]
[SourceTitle "EXT 2019"]
[Source "ChessBase"]
[SourceDate "2018.10.10"]
[SourceVersion "1"]
[SourceVersionDate "2018.10.10"]
[SourceQuality "1"]

1. d4 d5 2. c4 c6 3. e3 Nf6 4. Nf3 g6 5. Nbd2 Bg7 6. b3 Bf5 7. g3 Nbd7 8. Bg2 Bd3 9. Bf1 Bxf1 10. Kxf1 0-0 11. Kg2 Re8 12. Bb2 Qa5 13. Qc2 Rac8 14. Rhe1 c5 15. Bc3 Qc7 16. Rac1 cxd4 17. Nxd4 e5 18. Nb5 Qb6 19. a4 a6 20. a5 Qe6 21. Na3 Qc6 22. Kg1 Qd6 23. b4 d4 24. c5 Qd5 25. Ba1 d3 26. Qc4 e4 27. Qxd5 Nxd5 28. Bxg7 Kxg7 29. Rc4 Ne5 30. Rd4 Nc3 31. Kg2 Red8 32. Nxe4 Rxd4 33. exd4 Nxe4 34. dxe5 Nc3 35. Nb1 Na2 36. Re4 Rd8 37. Nd2 Nc3 38. Rc4 Nb5 39. f4 Kf8 40. Kf2 Na3 41. Re4 Nc2 42. g4 Ke7 43. f5 gxf5 44. gxf5 Nd4 45. Nc4 Nxf5 46. Nd6 d2 47. Ke2 Ke6 48. Kxd2 Ne7 49. Kc3 Nd5+ 50. Kc4 Rd7 51. Rh4 Ne3+ 52. Kd3 Nd5 53. Ke4 Nxb4 54. Rh6+ Ke7 55. Rxh7 Kf8 56. e6 f5+ 57. Nxf5 Rxh7 58. h4 Nc6 0-1

[Event "Madrid San Viator op-A 26th"]
[Site "Madrid"]
[Date "2016.06.05"]
[Round "9"]
[White "Calvo de Castro, Miguel"]
[Black "Sotoca Aguado, Jose"]
[Result "0-1"]
[WhiteElo "1759"]
[BlackElo "1873"]
[PlyCount "90"]
[EventDate "2016.04.03"]
[EventType "swiss"]
[EventRounds "9"]
[EventCountry "ESP"]
[SourceTitle "EXT 2017"]
[Source "ChessBase"]
[SourceDate "2016.10.25"]
[SourceVersion "1"]
[SourceVersionDate "2016.10.25"]
[SourceQuality "1"]

1. e4 e6 2. c4 d5 3. cxd5 exd5 4. exd5 Qxd5 5. Nc3 Qa5 6. Bc4 Nf6 7. Nf3 Be7 8. h3 0-0 9. 0-0 c6 10. Re1 Bd6 11. d4 h6 12. a4 Qh5 13. Ne5 Qxd1 14. Rxd1 Be6 15. Bxe6 fxe6 16. Nc4 Bc7 17. a5 Na6 18. b3 Rad8 19. Ba3 Rfe8 20. b4 Nd5 21. Nxd5 exd5 22. Ne3 Bf4 23. Rd3 Nc7 24. Kf1 a6 25. g3 Bd6 26. Nf5 Bf8 27. Re3 Nb5 28. Rd3 Re6 29. Rad1 Rde8 30. Ne3 g6 31. Rb3 Bd6 32. Kg2 R8e7 33. Bb2 Re4 34. Ng4 Kg7 35. Ne5 Re2 36. Kg1 Rc2 37. Re1 h5 38. h4 Rd2 39. Nf3 Rc2 40. Rxe7+ Bxe7 41. Ne5 Nd6 42. f3 Nc4 43. Nxc4 dxc4 44. d5+ Kf7 45. dxc6 cxb3 0-1

[Event "Madrid-ch sf"]
[Site "Madrid"]
[Date "2016.02.23"]
[Round "8"]
[White "Lopez Heras, Arturo"]
[Black "Calvo de Castro, Miguel"]
[Result "1-0"]
[WhiteElo "1812"]
[BlackElo "1773"]
[PlyCount "85"]
[EventDate "2016.02.08"]
[EventType "swiss"]
[EventRounds "9"]
[EventCountry "ESP"]
[SourceTitle "CBM 171 Extra"]
[Source "ChessBase"]
[SourceDate "2016.04.26"]
[SourceVersion "1"]
[SourceVersionDate "2016.04.26"]
[SourceQuality "1"]

1. d4 Nf6 2. c4 g6 3. Nc3 Bg7 4. e4 d6 5. Nf3 0-0 6. Be2 Nc6 7. 0-0 e5 8. d5 Ne7 9. Ne1 Ne8 10. Be3 f5 11. f3 f4 12. Bf2 Nf6 13. c5 g5 14. cxd6 cxd6 15. Rc1 Ng6 16. Nb5 Rf7 17. Qc2 Ne8 18. Nxa7 Bd7 19. a4 Qa5 20. Nb5 Qxa4 21. Qxa4 Rxa4 22. Nc7 Nf6 23. Bb5 Rb4 24. Bxd7 Rxd7 25. Nd3 Rb3 26. Rfd1 g4 27. Ne6 Bh6 28. Rc8+ Kf7 29. Kf1 g3 30. hxg3 fxg3 31. Bxg3 Nh5 32. Bh2 Be3 33. Ke2 Bf4 34. g4 Bxh2 35. gxh5 Nf4+ 36. Nexf4 Bxf4 37. Rg1 Bh6 38. Rgg8 Kf6 39. Rgd8 Rxd8 40. Rxd8 Kg5 41. Rxd6 Kxh5 42. Rd7 Kg6 43. Nxe5+ 1-0

[Event "Madrid-ch sf"]
[Site "Madrid"]
[Date "2016.02.09"]
[Round "2"]
[White "Santamaria Baeza, Adolfo"]
[Black "Calvo de Castro, Miguel"]
[Result "0-1"]
[WhiteElo "1918"]
[BlackElo "1773"]
[PlyCount "92"]
[EventDate "2016.02.08"]
[EventType "swiss"]
[EventRounds "9"]
[EventCountry "ESP"]
[SourceTitle "CBM 171 Extra"]
[Source "ChessBase"]
[SourceDate "2016.04.26"]
[SourceVersion "1"]
[SourceVersionDate "2016.04.26"]
[SourceQuality "1"]

1. e4 e5 2. Nf3 Nc6 3. Bc4 Nf6 4. d3 Be7 5. Nc3 d6 6. Bg5 Bg4 7. Bxf6 Bxf6 8. Nd5 Nd4 9. Ne3 Nxf3+ 10. gxf3 Be6 11. Bxe6 fxe6 12. c3 Qd7 13. Qb3 0-0-0 14. 0-0-0 Bh4 15. Rd2 Rdf8 16. Qd1 Rf7 17. Rg1 Rhf8 18. Rg4 Qe7 19. Ng2 Bg5 20. f4 Bxf4 21. Nxf4 Rxf4 22. Rg2 Rf3 23. Qg1 g6 24. Kc2 Qf7 25. h4 Rh3 26. f4 exf4 27. Qxa7 f3 28. Rgf2 b6 29. Qa8+ Kd7 30. Qa4+ Kd8 31. e5 dxe5 32. Qa8+ Kd7 33. Qa4+ Ke7 34. Qc6 Kd8 35. Qa8+ Kd7 36. Qa4+ Kc8 37. Rd1 Kb8 38. Rdf1 Qf4 39. Qc6 Rf6 40. Kb3 h6 41. a4 Qe3 42. Qd7 Kb7 43. Qd8 Rf4 44. Qd7 Rhxh4 45. Qxe6 Qxd3 46. Qxe5 Rb4+ 0-1

[Event "Collado Villalba op-B 32nd"]
[Site "Collado Villalba"]
[Date "2015.08.23"]
[Round "2"]
[White "Calvo de Castro, Miguel"]
[Black "Pascual Gomez, Jesus"]
[Result "1-0"]
[WhiteElo "1725"]
[BlackElo "1714"]
[PlyCount "31"]
[EventDate "2015.08.22"]
[EventType "swiss"]
[EventRounds "9"]
[EventCountry "ESP"]
[SourceTitle "EXT 2016"]
[Source "ChessBase"]
[SourceDate "2015.10.08"]
[SourceVersion "1"]
[SourceVersionDate "2015.10.08"]
[SourceQuality "1"]

1. e4 e5 2. Nf3 Nc6 3. Bc4 Nd4 4. Nxe5 Qg5 5. Bxf7+ Ke7 6. 0-0 Qxe5 7. Bc4 d6 8. c3 Ne6 9. d4 Qf6 10. e5 dxe5 11. Re1 exd4 12. Qb3 c5 13. Bxe6 Kd8 14. Qd5+ Kc7 15. Bg5 Qg6 16. Bd8+ 1-0